| 000 | 04187nam a22004815i 4500 | ||
|---|---|---|---|
| 005 | 20230718140411.0 | ||
| 006 | m|||||o||d|||||||| | ||
| 007 | cr || |||||||| | ||
| 008 | 210202t20142014pl fo d z eng d | ||
| 019 | _a(OCoLC)921002335 | ||
| 020 | _a9783110401721 | ||
| 040 |
_aDE-B1597 _beng _cDE-B1597 _erda |
||
| 041 | 0 | _aeng | |
| 050 | 4 | _aTC145 | |
| 082 | 0 | 4 |
_81p _a550 _qDE-101 |
| 100 | 1 |
_aGuaraglia, Dardo Oscar, _eauthor. _4aut _4http://id.loc.gov/vocabulary/relators/aut |
|
| 245 | 1 | 0 |
_aIntroduction to Modern Instrumentation : _bFor Hydraulics and Environmental Sciences / _cDardo Oscar Guaraglia, Jorge Lorenzo Pousa. |
| 264 | 1 |
_aWarsaw ; _aBerlin : _bDe Gruyter Open Poland, _c[2014] |
|
| 264 | 4 | _c©2014 | |
| 300 | _a1 online resource (433 p.) | ||
| 336 |
_atext _btxt _2rdacontent |
||
| 337 |
_acomputer _bc _2rdamedia |
||
| 338 |
_aonline resource _bcr _2rdacarrier |
||
| 347 |
_atext file _bPDF _2rda |
||
| 505 | 0 | 0 |
_tFrontmatter -- _tPreface -- _tAcknowledgements -- _tContents -- _t1 Introduction to Measuring Techniques -- _t2 Introduction to Transducers and Sensors -- _t3 Review of Concepts -- _t4 Sensors -- _t5 Flow Measurements -- _t6 Water Level and Groundwater Flow Measurements -- _t7 Wind, Rain and Solar Radiation Measurements -- _t8 Ground-Based Remote Sensing Systems -- _t9 Data Transmission and Storage -- _t10 Satellite-Based Remote Sensing -- _t11 General Measurement Tips -- _tList of Figures -- _tList of Tables |
| 506 | 0 |
_funrestricted online access _2star |
|
| 520 | _aNatural hazards and anthropic activities threaten the human environment. The gathering of field data is needed so as to quantify the impact of such activities. To gather the necessary data researchers nowadays use a great variety of new instruments based on electronics. Yet, the working principles of this new instrumentation might not be well understood by some potential users. All operators of these new tools must gain proper insight so as to be able to judge whether the instrument is selected appropriately and functions adequately. This book attempts to demonstrate some characteristics that are not easy to understand by the uninitiated in the use of electronic instruments. The material presented in this book was prepared with the purpose of reflecting the technological changes that have occurred in environmental modern instrumentation in the last few decades. The book is intended for students of hydrology, hydraulics, oceanography, meteorology and environmental sciences. Basic concepts of electronics, special physics principles and signal processing are introduced in the first chapters in order to enable the reader to follow the topics developed in the book, without any prior knowledge of these matters. The instruments are explained in detail and several examples are introduced to show their measuring limitations. Enough mathematical fundamentals are given to allow the reader to reach a good quantitative knowledge. | ||
| 538 | _aMode of access: Internet via World Wide Web. | ||
| 540 |
_aThis eBook is made available Open Access. Unless otherwise specified individually in the content, the work is licensed under the Creative Commons Attribution-NonCommercial-NoDerivatives (CC BY-NC-ND) license: _uhttps://creativecommons.org/licenses/by-nc-nd/3.0 _uhttps://www.degruyter.com/dg/page/open-access-policy |
||
| 546 | _aIn English. | ||
| 588 | 0 | _aDescription based on online resource; title from PDF title page (publisher's Web site, viewed 02. Feb 2021) | |
| 650 | 0 | _aEnvironmental sciences. | |
| 650 | 0 | _aHydraulic engineering. | |
| 650 | 7 |
_aSCIENCE / General. _2bisacsh |
|
| 653 | _aModern Instrumentation, Electronics, Environmental Sciences, Hydraulics. | ||
| 700 | 1 |
_aPousa, Jorge Lorenzo, _eauthor. _4aut _4http://id.loc.gov/vocabulary/relators/aut |
|
| 776 | 0 |
_cEPUB _z9783110427370 |
|
| 776 | 0 |
_cprint _z9783110401714 |
|
| 856 | 4 | 0 |
_uhttps://doi.org/10.2478/9783110401721 _zOpen Access _70 |
| 856 | 4 | 0 |
_uhttps://www.degruyter.com/isbn/9783110401721 _zOpen Access _70 |
| 856 | 4 | 2 |
_3Cover _uhttps://www.degruyter.com/cover/covers/9783110401721.jpg |
| 942 | _cE-BOOK | ||
| 999 |
_c71193 _d71192 |
||